Java network programming
Đã lưu trong:
| Príomhúdar: | |
|---|---|
| Formáid: | Sách |
| Teanga: | Undetermined |
| Foilsithe: |
O'Reilly
2014
|
| Ábhair: | |
| Clibeanna: |
Cuir Clib Leis
Gan Chlibeanna, Bí ar an gcéad duine leis an taifead seo a chlibeáil!
|
| Thư viện lưu trữ: | Trung tâm Thư viện - Trường Đại học Công nghiệp TP. Hồ Chí Minh |
|---|
| LEADER | 00589nam a2200157Ia 4500 | ||
|---|---|---|---|
| 001 | UIH_05956 | ||
| 008 | 231011s9999 xx 000 0 und d | ||
| 082 | |a 005.2762 | ||
| 100 | |a Harold,Elliotte Rusty | ||
| 245 | 0 | |a Java network programming | |
| 245 | 0 | |c Harold,Elliotte Rusty | |
| 260 | |b O'Reilly | ||
| 260 | |c 2014 | ||
| 650 | |a Java (Computer program language); Computer networks ]; Java (Ngôn ngữ chương trình máy tính); Mạng máy tính; | ||
| 927 | |a Sách | ||
| 980 | |a Trung tâm Thư viện - Trường Đại học Công nghiệp TP. Hồ Chí Minh | ||